Största Svenska Städer Som Börjar Med K - Statistics

General Stats
  • This quiz has been taken 6 times
  • The average score is 9 of 15
Answer Stats
Befolkning Län Ledtråd Stad % Correct
41 388 Kalmar Har en bro som går till Öland Kalmar
100%
36 904 Blekinge Där Sveriges Första ubåtsflottiljen ligger Karlskrona
100%
65 856 Värmland Största staden som ligger vid Vänerns kust Karlstad
100%
16 420 Norrbotten Ortens centrum flyttas i nordvästlig riktning Kiruna
100%
41 299 Skåne Var sitt eget län fram till 1996 när det slog ihop sig med Malmöhus län Kristianstad
100%
15 448 Västra Götaland Har samma namn som ett asiatisk land, men med en extra N Kinna
83%
17 253 Örebro Där Sveriges största fängelse ligger Kumla
83%
20 283 Blekinge Blekinges andra största ort Karlshamn
67%
27 386 Örebro Det var här som Alfred Nobels testamente undertecknades Karlskoga
50%
24 447 Södermanland Är tredje störst i sitt län Katrineholm
33%
18 597 Värmland Värmlands andra största ort Kristinehamn
33%
19 890 Västra Götaland Nordiska folkhögskolan ligger i denna ort Kungälv
33%
23 830 Halland Den nordligaste kommunen i Halland Kungsbacka
33%
18 711 Värmland Är belägen vid nordvästligaste delen av Mälaren Köping
0%
12 513 Stockholm Upplands-Bro kommuns centralort Kungsängen
0%
No matching quizzes found
Score Distribution
Percent of People with Each Score
Percentile by Number Answered
Your Score History
You have not taken this quiz